Circuenta años de Inquisición en el tribunal de Cartagena de Indias (Registro nro. 23720)
[ vista simple ]
| 000 -CABECERA | |
|---|---|
| Longitud fija campo de control | 01174nam a2200241 a 4500 |
| 003 - • IDENTIFICADOR DELl NÚMERO DE CONTROL | |
| Identificador del número de control | CO-ViMGA |
| 008 - • CÓDIGOS DE INFORMACIÓN DE LONGITUD FIJA | |
| Códigos de información de longitud fija | 141112s2004 ck r 000 u spa d |
| 020 ## - • NÚMERO INTERNACIONAL NORMALIZADO PARA LIBROS | |
| Número Internacional Normalizado para Libros (ISBN) | 9586830160 |
| 040 ## - FUENTE DE LA CATALOGACIÓN | |
| Centro catalogador de origen | CO-ViMGA |
| Lengua de catalogación | spa |
| Centro transcriptor | CO-ViMGA |
| 082 04 - • NÚMERO DE LA CLASIFICACIÓN DECIMAL DEWEY | |
| Número de clasificación (R) | 272.2 S653 |
| 100 1# - • PUNTO DE ACCESO PRINCIPAL-NOMBRE DE PERSONA | |
| Nombre de persona | Splendiani, Ana Maria |
| 245 10 - • TITULO PROPIAMENTE DICHO | |
| Título | Circuenta años de Inquisición en el tribunal de Cartagena de Indias |
| 300 ## - • DESCRIPCIÓN FÍSICA | |
| Extensión | 233p. 4v. |
| 500 ## - • NOTA GENERAL | |
| Nota general | Solicitar el ejemplar de la tabla de contenido. |
| 505 ## - • NOTA DE CONTENIDO CON FORMATO | |
| Nota de contenido con formato | VOL.(1)De la Roma medieval a la Cartagena Colonial : El santo oficio de la Inquisición VOL.(2)Documentos ineditos procedentes del Archivo Histórico Nacional de Madrid (AHNM)libro 1020, años 1610 - 1637. VOL.(3)Documentos Ineditos procedentes del Archivo Histórico Nacional de Madrid (AHNM)libro 1021, años 1638 - 1660 VOL.(4)Glosario, indice onomástico, indice toponímico, indice de reos |
| 650 14 - • PUNTO DE ACCESO ADICIONAL DE MATERIA - TÉRMINO DE MATERIA | |
| Término de materia o nombre geográfico como elemento inicial | CARTAGENA - COLOMBIA |
| 650 14 - • PUNTO DE ACCESO ADICIONAL DE MATERIA - TÉRMINO DE MATERIA | |
| Término de materia o nombre geográfico como elemento inicial | COLOMBIA - HISTORIA - COLONIA - 1550 - 1810 |
| 650 14 - • PUNTO DE ACCESO ADICIONAL DE MATERIA - TÉRMINO DE MATERIA | |
| Término de materia o nombre geográfico como elemento inicial | HISTORIA ECLESIASTICA |
| 650 14 - • PUNTO DE ACCESO ADICIONAL DE MATERIA - TÉRMINO DE MATERIA | |
| Término de materia o nombre geográfico como elemento inicial | INQUISICION - CARTAGENA - COLOMBIA |
| 942 ## - ENTRADA DE ELEMENTOS AGREGADOS (KOHA) | |
| Fuente de clasificaión o esquema | Dewey Decimal Classification |
| Koha [por defecto] tipo de item | LIbro |
| Perdido | Fuente de clasificación o esquema | Estado Físico | No para préstamo | Forma de adquisición | Localización permanente | Localización actual | Fecha adquisición | Serie de enumeración / cronolog&íacute;a | Préstamos totales | Signatura completa | Código de barras | Fecha última consulta | Número de copia | Fecha del precio de reemplazo | Tipo de item de Koha |
|---|---|---|---|---|---|---|---|---|---|---|---|---|---|---|---|
| Dewey Decimal Classification | Sala General Segundo Piso | Biblioteca Pública Germán Arciniegas - Villavicencio | Biblioteca Pública Germán Arciniegas - Villavicencio | 12/04/2015 | Volumen. 1 | 11/jun/2009 | 272.2 S653 | 12776 | 12/04/2015 | Ej. 1 | 12/04/2015 | LIbro | ||||
| Dewey Decimal Classification | Sala General Segundo Piso | Biblioteca Pública Germán Arciniegas - Villavicencio | Biblioteca Pública Germán Arciniegas - Villavicencio | 12/04/2015 | Volumen. 1 | 11/jun/2009 | 272.2 S653 | 12776 - 2 | 06/29/2017 | Ej. 2 | 12/04/2015 | LIbro | ||||
| Dewey Decimal Classification | Sala General Segundo Piso | Biblioteca Pública Germán Arciniegas - Villavicencio | Biblioteca Pública Germán Arciniegas - Villavicencio | 12/04/2015 | Volumen. 1 | 11/jun/2009 | 272.2 S653 | 12776 - 3 | 06/29/2017 | Ej. 3 | 12/04/2015 | LIbro | ||||
| Dewey Decimal Classification | Sala General Segundo Piso | Biblioteca Pública Germán Arciniegas - Villavicencio | Biblioteca Pública Germán Arciniegas - Villavicencio | 12/04/2015 | Volumen. 1 | 11/jun/2009 | 272.2 S653 | 12776 - 4 | 06/29/2017 | Ej. 4 | 12/04/2015 | LIbro |